00951nam a22002535i 450000100060000000300090000600500170001500700030003200800410003502000180007604000220009408000220011610000460013824501230018426000830030730000290039049000200041950400320043970000260047183000280049785200330052599900170055895201220057513067ES-MaACL20240426063017.0t|950615s1994 sp ||||0| spa j a84-7962-067-6 aM-BN bspa cM-BN a860(729.5)-14"19"0 aMatos Paoli, Francisco,d1915-200097909610aPoesía esencial de Francisco Matos Paoli b: "estudio y antología" / c[selección de] Louis Bourne ... [et al.]. aMadrid : bCentro de Estudios Poéticos Hispánicos : bVerbum, cD.L. 1994. a63 p. : bil. ; c20 cm.1 aVerbum poesía aBibliografía: p. [57]-63.1 aBourne, Louis.9310150 aVerbum poesía9179410 aES-MaACLjL-20412 bR.124360 c13067d13067 00104070aATENEOMbATENEOMcDEPO2d2008-01-17eSCl0oL-20412p1013307r2023-02-23 00:00:00w2023-02-23yMONOGRAFIA